Megszólalt a réz, Csengelén

Elmentve itt :
Bibliográfiai részletek
Szerző: Majoros Tibor
Dokumentumtípus: Cikk
Megjelent: 2001-02-07
Sorozat:Délmagyarország 91 No. 32
Kulcsszavak:Csengele, Oktatás zeneoktatás
Online Access:http://dmarchiv.bibl.u-szeged.hu/132414
LEADER 00465nab a2200157 i 4500
001 delm132414
005 20191105115206.0
008 191105s2001 hu o 0|| hun d
040 |a SZTE Délmagyarország Archívum  |b hun 
041 |a hun 
100 1 |a Majoros Tibor 
245 1 0 |a Megszólalt a réz, Csengelén  |h [elektronikus dokumentum] /  |c  Majoros Tibor 
260 |c 2001-02-07 
300 |a 6 
490 0 |a Délmagyarország  |v 91 No. 32 
695 |a Csengele, Oktatás zeneoktatás